Statistiques concernant 20 plus grandes villes d'Asie (en ordre)

Cliquez ici pour prendre le quiz!

Statistiques générales

  • Ce quiz a été pris 21 fois
  • Le résultat moyen est 13 sur 20

Statistiques - réponses

PaysPopulationVilles% Correct
Inde27.1Delhi
100%
Japon38.2Tokyo
100%
Inde21.6Mumbai
95%
Chine22.0Pékin
95%
Chine25.2Shangai
95%
Bangledesh18.9Dhaka
79%
Indonésie10.6Jakarta
79%
Japon20.4Osaka
79%
Thaïlande9.6Bangkok
68%
Philippines13.3Manille
68%
Corée du sud9.8Séoul
68%
au Pakistan17.6Karachi
63%
Chine11.9Tianjin
42%
Inde15.1Kolkata
37%
Chine10.9Shenzhen
37%
Inde10.8Bangalore
32%
Inde10.4Chennai
32%
Chine14.1Chongqing
32%
Chine13.6Guangzhou
32%
Inde9.4Hyderabad
26%

Distribution des résultats

Percentile par nombre de réponses

% des personnes avec chaque résultat

Votre développement - résultats

Vous n’avez pas pris ce quiz